Bilecik Bilecik Bilecik Bilecik Bilecik

Höyücek: 1989-1992 yılları arasında yapılan kazıların sonuçları = (Record no. 8468)

MARC details
000 -BAŞLIK
Sabit Uzunluktaki Kontrol Alanı 01464nam a22003857a 4500
001 - KONTROL NUMARASI
Control Dosyası 0008496
003 - KONTROL NUMARASI KİMLİĞİ
Kontrol Alanı KOHA_MİRAKIL
005 - EN SON İŞLEM TARİHİ ve ZAMANI
Kontrol Alanı 20260207001637.0
007 - FİZİKSEL TANIM SABİT ALAN - GENEL BİLGİ
Sabit uzunluklu kontrol alanı ta
008 - SABİT UZUNLUKTAKİ VERİ ÖGELERİ - GENEL BİLGİ
Sabit Alan 091009b2005 tu |||gr||||#||||0|tur |
020 ## - ISBN - ULUSLARARASI STANDART KİTAP NUMARASI
Isbn 9751616646
Kullanılabilirlik koşulları TL30
040 ## - KATALOGLAMA KAYNAĞI
Özgün Kataloglama Kurumu TR-BiSEU
Kataloglama Dili tur
Çeviri Kurumu TR-BiSEU
Açıklama Kuralları rda
041 0# - DİL KODU
Metin ya da ses kaydının dil kodu tur
044 ## - YAYINLAYAN/ÜRETEN KURULUŞUN ÜLKE KODU
ISO country code tu
050 ## - SINIFLAMA ve YER NUMARASI
Sınıflama Numarası DS156
Yer Numarası .D87 2005
100 1# - KİŞİ ADI
Yazar Adı (Kişi adı) Duru, Refik.
240 10 - TEK BİÇİM BAŞLIK
Tekbiçim Başlık <a href="results of the excavations 1989-1992">results of the excavations 1989-1992</a>
Language of a work Türkçe
245 1# - ESER ADI BİLDİRİMİ
Başlık Höyücek: 1989-1992 yılları arasında yapılan kazıların sonuçları =
Alt Eseradı vb. results of the excavations 1989-1992 /
Sorumluluk Bildirimi Refik Duru ; Refik Duru, Gülsüm Umurtak.
264 #1 - ÜRERİM, YAYIN, DAĞITIM ve TELİF BİLDİRİMİ
Yayın yeri Ankara :
Yayınlayan Türk Tarih Kurumu
Yayın tarihi 2005
300 ## - FİZİKSEL TANIMLAMA
Sayfa, Cilt vb. XII, 445 sayfa: resimli; 31 cm.
336 ## - İÇERİK TÜRÜ
Content type term metin
Content type code txt
Source rdacontent
337 ## - MEDYA TÜRÜ
Media type term aracısız
Media type code n
Source rdamedia
338 ## - TAŞIYICI TÜRÜ
Carrier type term cilt
Carrier type code nc
Source rdacarrier
490 1# - DİZİ BİLDİRİMİ
Dizi Bildirimi Atatürk Kültür,Dil ve Tarih Yüksek Kurumu Türk Tarih Kurumu Yayınları ;
Cilt Numarası V.
490 1# - DİZİ BİLDİRİMİ
Dizi Bildirimi dizi- sayı 49
500 ## - GENEL NOT
Genel Not Kaynakça var.
650 #0 - KONU BAŞLIĞI EK GİRİŞ - KONU TERİMİ
Konusal terim veya coğrafi ad Excavations (Archaeology)--Turkey--Höyücek Mound.
9 (RLIN) 21193
650 #0 - KONU BAŞLIĞI EK GİRİŞ - KONU TERİMİ
Konusal terim veya coğrafi ad Excavations (Archaeology)--Turkey-- Burdur İli.
9 (RLIN) 21194
650 #0 - KONU BAŞLIĞI EK GİRİŞ - KONU TERİMİ
Konusal terim veya coğrafi ad Höyücek Mound (Turkey).
9 (RLIN) 21195
650 #0 - KONU BAŞLIĞI EK GİRİŞ - KONU TERİMİ
Konusal terim veya coğrafi ad Burdur İli (Turkey)--Antiquities.
9 (RLIN) 21196
650 #0 - KONU BAŞLIĞI EK GİRİŞ - KONU TERİMİ
Konusal terim veya coğrafi ad Turkey--Antiquities.
9 (RLIN) 14452
830 1# - SERİ EK GİRİŞİ - TEKBİÇİM ESER ADI
Tekbiçim Başlık Atatürk Kültür,Dil ve Tarih Yüksek Kurumu Türk Tarih Kurumu Yayınları ;
Volume number/sequential designation V.
9 (RLIN) 14135
830 1# - SERİ EK GİRİŞİ - TEKBİÇİM ESER ADI
Tekbiçim Başlık dizi- sayı 49
9 (RLIN) 21197
942 ## - EK GİRİŞ ÖGELERİ (KOHA)
Source of classification or shelving scheme Library of Congress Classification
Koha item type Book
Holdings
Materyal Türü Kalıcı Konum Mevcut Konum Raf Yeri Sınıflandırma Kaynağı Edinim Bilgisi Ana Konular Alt Konular Yer Numarası Demirbaş Numarası Fatura Tarihi Maliyet, Alış Fiyatı Maliyet, Yenileme Fiyatı Geri Çekilme Durumu Kayıp Durumu Hasarlı Durumu Kredi için değil Kayıt Tarih Toplam Ödünçverme Son Görülme Tarihi Son Kontrol Tarihi Satın Alma Notu
Book Prof. Dr. Azmi Özcan Kütüphanesi Prof. Dr. Azmi Özcan Kütüphanesi Uluğbey Salonu Library of Congress Classification Satın DÜNYA TARİHİ (AVRUPA, ASYA, AFRİKA VB.) Asya DS156 .D87 2005 0008496 09/09/2009 30.00 30.00         09/10/2009 25 05/12/2024 05/12/2024 283